Menguji kemahiran bahasa : prinsip, teknik dan contoh
| Main Author: | |
|---|---|
| Format: | Book |
| Published: |
Kuala Lumpur :
DBP ,
1993
|
| Subjects: |
MARC
| LEADER | 00000cam a2200000 7i4500 | ||
|---|---|---|---|
| 001 | 0000000319 | ||
| 002 | 000000394 | ||
| 005 | 20000330.0 | ||
| 020 | |a 9836233202 | ||
| 090 | 0 | 0 | |a 499.2307 |b ABD |
| 100 | 0 | |a Abdul Aziz Abdul Talib | |
| 245 | 1 | 0 | |a Menguji kemahiran bahasa : |b prinsip, teknik dan contoh |c Abdul Aziz Abdul Talib |
| 260 | |a Kuala Lumpur : |b DBP , |c 1993 | ||
| 300 | |a 358p. ; |c 22cm. | ||
| 650 | 0 | 0 | |a Malay language |x Study and teaching |
| 999 | |a 029442 |b BUKU |c PINJAMAN |e PERPUSTAKAAN KOMUNITI PETALING JAYA | ||